[Event "SVK-chT2C 2122"]
[Site "Slovakia"]
[Date "2022.02.06"]
[Round "4.7"]
[White "Sustek, Adam"]
[Black "Gomola, Miroslav"]
[Result "1-0"]
[WhiteElo "1644"]
[BlackElo "1757"]
[PlyCount "109"]
[EventDate "2021.10.16"]
[EventType "team-tourn"]
[EventRounds "11"]
[EventCountry "SVK"]
[SourceTitle "EXT 2023"]
[Source "ChessBase"]
[SourceDate "2022.10.05"]
[SourceVersion "1"]
[SourceVersionDate "2022.10.05"]
[SourceQuality "1"]
[WhiteTeam "Liptov Chess School III"]
[BlackTeam "Zilina Mladost III"]
[WhiteTeamCountry "SVK"]
[BlackTeamCountry "SVK"]

1. e4 e5 2. Nf3 Nf6 3. Bc4 Nc6 4. d3 Bb4+ 5. c3 Ba5 6. h3 d5 7. exd5 Nxd5 8. b4 Ndxb4 9. cxb4 Bxb4+ 10. Bd2 Qf6 11. Bxb4 Nxb4 12. Nc3 0-0 13. Ne4 Qe7 14. 0-0 Bf5 15. Qb3 h6 16. a3 Nc6 17. Qxb7 Na5 18. Qb5 Nxc4 19. Qxc4 Rfd8 20. Rfe1 Be6 21. Qc3 f6 22. d4 exd4 23. Nxd4 Bd5 24. Nc6 Bxc6 25. Qxc6 Rab8 26. Nc5 Qf7 27. Na6 Rbc8 28. Rad1 Rxd1 29. Rxd1 Qb3 30. Qd7 Rf8 31. Nxc7 Rf7 32. Qd8+ Rf8 33. Qd5+ Qxd5 34. Rxd5 Rf7 35. Nb5 Rb7 36. Nd4 Rb1+ 37. Kh2 Rd1 38. Rd6 a6 39. Nf5 Rf1 40. f3 Re1 41. Rxa6 Re5 42. Nd4 Kf7 43. a4 Rd5 44. Ra7+ Kg6 45. Ne6 Kf5 46. Nxg7+ Kf4 47. Ne8 f5 48. a5 Ke3 49. Re7+ Kf2 50. a6 Rd1 51. a7 Rg1 52. Rg7 Ra1 53. Nd6 f4 54. Nc4 h5 55. Nb6 1-0

[Event "SVK-chT2C 1920"]
[Site "Slovakia"]
[Date "2020.02.15"]
[Round "8.7"]
[White "Grec, Jan Alexander"]
[Black "Gomola, Miroslav"]
[Result "1/2-1/2"]
[WhiteElo "1844"]
[BlackElo "1791"]
[PlyCount "37"]
[EventDate "2019.10.26"]
[EventType "team-tourn"]
[EventRounds "11"]
[EventCountry "SVK"]
[SourceTitle "CBM 195 Extra"]
[Source "ChessBase"]
[SourceDate "2020.05.31"]
[SourceVersion "1"]
[SourceVersionDate "2020.05.31"]
[SourceQuality "1"]
[WhiteTeam "Filakovo"]
[BlackTeam "Zilina Mladost III"]
[WhiteTeamCountry "SVK"]
[BlackTeamCountry "SVK"]

1. c4 e5 2. Nc3 Nf6 3. g3 d5 4. cxd5 Nxd5 5. Bg2 c6 6. Nf3 Nxc3 7. bxc3 Bd6 8. 0-0 0-0 9. Qc2 Bg4 10. h3 Bh5 11. Qb3 Qc7 12. d3 Nd7 13. Rb1 Rab8 14. Be3 b6 15. Rfd1 Kh8 16. Kh2 f6 17. Rd2 Bf7 18. Qb2 Bd5 19. c4 1/2-1/2

[Event "Zilina Region-ch"]
[Site "Zilina"]
[Date "2013.05.19"]
[Round "6"]
[White "Gomola, Miroslav"]
[Black "Simo, Lubomir"]
[Result "1/2-1/2"]
[WhiteElo "1900"]
[BlackElo "1739"]
[PlyCount "97"]
[EventDate "2013.05.17"]
[EventType "swiss"]
[EventRounds "6"]
[EventCountry "SVK"]
[SourceTitle "CBM 154 Extra"]
[Source "ChessBase"]
[SourceDate "2013.06.25"]
[SourceVersion "2"]
[SourceVersionDate "2013.06.25"]
[SourceQuality "1"]

1. e4 c5 2. Nf3 g6 3. Bc4 Bg7 4. 0-0 Nc6 5. Nc3 Nf6 6. d3 0-0 7. Be3 d6 8. d4 cxd4 9. Nxd4 Nxe4 10. Nxe4 d5 11. Bxd5 Qxd5 12. Nc3 Qd8 13. Nxc6 bxc6 14. Qxd8 Rxd8 15. Na4 Bf5 16. Rac1 Bd4 17. Rfe1 e6 18. c3 Bxe3 19. Rxe3 Rd2 20. Kf1 Rad8 21. Ke1 Bc2 22. b3 Kf8 23. c4 Ke7 24. Nc3 Bf5 25. Re2 Rxe2+ 26. Kxe2 c5 27. Rd1 Rc8 28. Nb5 a6 29. Nd6 Rc6 30. Nxf5+ exf5 31. Rd5 f6 32. f4 Ke8 33. Kd3 Ke7 34. a3 a5 35. Kc3 Rc7 36. b4 axb4+ 37. axb4 cxb4+ 38. Kxb4 Rb7+ 39. Rb5 Rc7 40. Rb6 Kd7 41. c5 Kc8 42. Rxf6 Rb7+ 43. Rb6 Re7 44. c6 Re2 45. Kc5 Rxg2 46. Ra6 Rxh2 47. Kd6 Rd2+ 48. Ke6 Re2+ 49. Kd6 1/2-1/2

[Event "Zilina Region-ch"]
[Site "Zilina"]
[Date "2013.05.18"]
[Round "4"]
[White "Gomola, Miroslav"]
[Black "Adamko, Peter"]
[Result "1/2-1/2"]
[WhiteElo "1900"]
[BlackElo "2105"]
[PlyCount "39"]
[EventDate "2013.05.17"]
[EventType "swiss"]
[EventRounds "6"]
[EventCountry "SVK"]
[SourceTitle "CBM 154 Extra"]
[Source "ChessBase"]
[SourceDate "2013.06.25"]
[SourceVersion "2"]
[SourceVersionDate "2013.06.25"]
[SourceQuality "1"]

1. e4 e5 2. Nf3 Nc6 3. Bb5 a6 4. Bxc6 dxc6 5. 0-0 Bg4 6. h3 h5 7. d3 Bc5 8. Be3 Bxe3 9. fxe3 Bxf3 10. Qxf3 Qe7 11. Nd2 Nh6 12. Qxh5 0-0-0 13. Nc4 f6 14. a4 Kb8 15. Qe2 Nf7 16. Rf3 Ng5 17. Rg3 Rh4 18. Qf2 Rdh8 19. Qf5 R4h5 20. Qg4 1/2-1/2

[Event "Zilina Region-ch"]
[Site "Zilina"]
[Date "2013.05.18"]
[Round "2"]
[White "Gomola, Miroslav"]
[Black "Priecinsky, Filip"]
[Result "1-0"]
[WhiteElo "1900"]
[BlackElo "1353"]
[PlyCount "49"]
[EventDate "2013.05.17"]
[EventType "swiss"]
[EventRounds "6"]
[EventCountry "SVK"]
[SourceTitle "CBM 154 Extra"]
[Source "ChessBase"]
[SourceDate "2013.06.25"]
[SourceVersion "2"]
[SourceVersionDate "2013.06.25"]
[SourceQuality "1"]

1. e4 e5 2. Nf3 f5 3. Nxe5 Qf6 4. Nf3 fxe4 5. Qe2 d5 6. d3 Bb4+ 7. c3 Be7 8. dxe4 dxe4 9. Qxe4 Qe6 10. Bd3 Nf6 11. Qxe6 Bxe6 12. 0-0 0-0 13. Re1 Kf7 14. Ng5+ Ke8 15. Nxe6 Bd6 16. Nxc7+ Kd8 17. Nxa8 Ng4 18. Bg5+ Kc8 19. f4 Bc5+ 20. Kf1 h6 21. Bh4 Ne3+ 22. Rxe3 Bxe3 23. Ke2 Re8 24. Bg6 Re6 25. Bf5 1-0

[Event "Zilina Region-ch"]
[Site "Zilina"]
[Date "2012.05.04"]
[Round "1"]
[White "Gomola, Miroslav"]
[Black "Murin, Pavol"]
[Result "0-1"]
[WhiteElo "1885"]
[BlackElo "2017"]
[PlyCount "118"]
[EventDate "2012.05.04"]
[EventType "swiss"]
[EventRounds "7"]
[EventCountry "SVK"]
[SourceTitle "CBM 148 Extra"]
[Source "ChessBase"]
[SourceDate "2012.06.22"]
[SourceVersion "1"]
[SourceVersionDate "2012.06.22"]
[SourceQuality "1"]

1. e4 c5 2. Nf3 d6 3. d4 cxd4 4. Nxd4 Nf6 5. Nc3 a6 6. Bc4 e6 7. Bg5 Be7 8. Qf3 Nbd7 9. 0-0 Ne5 10. Qe2 Qa5 11. Bxf6 Bxf6 12. Bd3 Ng6 13. Nb3 Qg5 14. Nd1 h5 15. c3 Nf4 16. Qf3 h4 17. h3 Rh6 18. Bc2 Rg6 19. Ne3 e5 20. Ng4 Bxg4 21. Qxg4 Qxg4 22. hxg4 Rxg4 23. Bd1 Rxg2+ 24. Kh1 h3 25. Bf3 Rg6 26. Rg1 Rxg1+ 27. Kxg1 Ke7 28. Rd1 Rh8 29. Kh2 Bh4 30. Rd2 Rh6 31. Bg4 Kf8 32. Na5 b5 33. c4 bxc4 34. Nxc4 Ke7 35. Ne3 g6 36. Nd5+ Nxd5 37. exd5 Bg5 38. Rd3 Bf4+ 39. Kh1 h2 40. Ra3 f5 41. Be2 Rh8 42. Rxa6 Rb8 43. b3 Rb4 44. Bc4 e4 45. Ra7+ Kf6 46. a4 Rb8 47. a5 Re8 48. Rh7 e3 49. fxe3 Rxe3 50. a6 Re1+ 51. Kg2 Rg1+ 52. Kf3 g5 53. a7 Ra1 54. Bb5 Rxa7 55. Rxa7 h1Q+ 56. Ke2 Qe4+ 57. Kf1 Qf3+ 58. Ke1 Qe3+ 59. Be2 Qxa7 0-1

[Event "Zilina Region-ch"]
[Site "Zilina"]
[Date "2011.05.08"]
[Round "7"]
[White "Gomola, Miroslav"]
[Black "Piroha, Martin"]
[Result "1/2-1/2"]
[WhiteElo "1916"]
[BlackElo "1733"]
[PlyCount "86"]
[EventDate "2011.05.06"]
[EventType "swiss"]
[EventRounds "7"]
[EventCountry "SVK"]
[SourceTitle "EXT 2012"]
[Source "ChessBase"]
[SourceDate "2011.11.24"]
[SourceVersion "1"]
[SourceVersionDate "2011.11.24"]
[SourceQuality "1"]

1. e4 d5 2. exd5 Nf6 3. Nf3 Nxd5 4. Be2 Nf4 5. 0-0 Nxe2+ 6. Qxe2 Nc6 7. c3 g6 8. d4 Bg7 9. Bg5 0-0 10. Nbd2 Be6 11. Ne4 Qd5 12. h3 Qf5 13. Nh4 Qd5 14. Bf4 Qd8 15. Ng5 Bd5 16. Nhf3 Bxf3 17. Nxf3 Rc8 18. Ne5 Nxe5 19. Bxe5 Bxe5 20. Qxe5 Qd6 21. Rfe1 Qxe5 22. Rxe5 e6 23. d5 exd5 24. Rxd5 Rfe8 25. Kf1 Re7 26. Rad1 Rce8 27. Rd8 Re1+ 28. Rxe1 Rxd8 29. Ke2 Kg7 30. Kf3 Kf6 31. Re3 Rd2 32. Re2 Rxe2 33. Kxe2 Ke5 34. Ke3 g5 35. g3 c5 36. b4 b6 37. bxc5 bxc5 38. c4 a5 39. a4 h5 40. f4+ gxf4+ 41. gxf4+ Ke6 42. Ke4 f5+ 43. Kf3 h4 1/2-1/2

[Event "Zilina Region-ch"]
[Site "Zilina"]
[Date "2011.05.07"]
[Round "2"]
[White "Soltys, Peter"]
[Black "Gomola, Miroslav"]
[Result "1/2-1/2"]
[WhiteElo "1847"]
[BlackElo "1916"]
[PlyCount "54"]
[EventDate "2011.05.06"]
[EventType "swiss"]
[EventRounds "7"]
[EventCountry "SVK"]
[SourceTitle "EXT 2012"]
[Source "ChessBase"]
[SourceDate "2011.11.24"]
[SourceVersion "1"]
[SourceVersionDate "2011.11.24"]
[SourceQuality "1"]

1. e4 e5 2. Nf3 Nf6 3. Nxe5 d6 4. Nf3 Nxe4 5. d4 d5 6. Bd3 Nf6 7. 0-0 Be7 8. h3 0-0 9. Bf4 b6 10. Nbd2 Bb7 11. c3 Nbd7 12. b4 Re8 13. Rb1 a6 14. Qc2 Nf8 15. Ne5 g6 16. Ndf3 Ne6 17. Bh6 Bf8 18. Bxf8 Rxf8 19. Rfe1 Bc8 20. Nc6 Qd6 21. b5 Bb7 22. Nfe5 Nd7 23. Nxd7 Qxd7 24. Ne5 Qd8 25. Re3 Nf4 26. Bf1 axb5 27. Bxb5 Bc8 1/2-1/2

[Event "Zilina Region-ch"]
[Site "Zilina"]
[Date "2011.05.06"]
[Round "1"]
[White "Gomola, Miroslav"]
[Black "Liptak, Tomas"]
[Result "0-1"]
[WhiteElo "1916"]
[BlackElo "2092"]
[PlyCount "88"]
[EventDate "2011.05.06"]
[EventType "swiss"]
[EventRounds "7"]
[EventCountry "SVK"]
[SourceTitle "EXT 2012"]
[Source "ChessBase"]
[SourceDate "2011.11.24"]
[SourceVersion "1"]
[SourceVersionDate "2011.11.24"]
[SourceQuality "1"]

1. e4 d6 2. Nf3 e5 3. Be2 f5 4. exf5 Bxf5 5. 0-0 Nf6 6. Nc3 Be7 7. d3 0-0 8. Bg5 c5 9. Bxf6 Bxf6 10. Nd5 Nc6 11. c3 Be6 12. Nxf6+ gxf6 13. Nd2 f5 14. f4 Qb6 15. b3 c4+ 16. Kh1 cxd3 17. Bxd3 e4 18. Bc4 d5 19. Be2 Qe3 20. Rc1 Rac8 21. g4 Ne7 22. Nb1 Rc6 23. Rg1 Kf7 24. gxf5 Nxf5 25. Bh5+ Ke7 26. Qg4 Rg8 27. Qe2 Qxf4 28. Rcf1 Rxg1+ 29. Kxg1 Qe3+ 30. Qxe3 Nxe3 31. Re1 Nf5 32. Bg4 Kf6 33. Kf2 Ke5 34. Bxf5 Bxf5 35. Ke3 Rh6 36. Re2 Rh3+ 37. Kd2 e3+ 38. Kc1 Kf4 39. Na3 Kf3 40. Kd1 Bd3 41. Rb2 Ke4 42. Rg2 Rf3 43. Rg1 Rf2 44. c4 Rxa2 0-1

[Event "SVK-chT2C 0708"]
[Site "Slovakia"]
[Date "2007.11.03"]
[Round "3.6"]
[White "Gomola, Miroslav"]
[Black "Stulrajter, Milan"]
[Result "0-1"]
[WhiteElo "1612"]
[BlackElo "1887"]
[PlyCount "84"]
[EventDate "2007.10.06"]
[EventType "team-tourn"]
[EventRounds "11"]
[EventCountry "SVK"]
[SourceTitle "EXT 2010"]
[Source "ChessBase"]
[SourceDate "2010.11.25"]
[SourceVersion "1"]
[SourceVersionDate "2010.11.25"]
[SourceQuality "1"]
[WhiteTeam "Zilina Mladost juniors"]
[BlackTeam "Podbrezova ZP Sport"]
[WhiteTeamCountry "SVK"]
[BlackTeamCountry "SVK"]

1. e4 c5 2. Nf3 a6 3. d4 cxd4 4. Nxd4 Nc6 5. Bc4 Qc7 6. Nxc6 dxc6 7. 0-0 e5 8. b3 Bc5 9. Bb2 Nf6 10. Nd2 0-0 11. h3 Re8 12. Qe2 b5 13. Bd3 Be6 14. Nf3 Nd7 15. a4 f6 16. axb5 cxb5 17. c4 b4 18. Rfd1 Nb6 19. Nd2 a5 20. Bc2 Qf7 21. g4 h5 22. Kg2 hxg4 23. hxg4 Qg6 24. f3 Kf7 25. Rh1 Bd7 26. Nf1 a4 27. bxa4 Rh8 28. a5 Rxh1 29. Kxh1 Rh8+ 30. Nh2 Nc8 31. Bc1 Qh7 32. Bd2 Ne7 33. a6 Nc6 34. Bd1 Nd4 35. Qg2 b3 36. Bc3 Qh4 37. Rb1 Ba4 38. Be2 Ne6 39. Be1 Qh6 40. Bd1 Qe3 41. Bg3 Qd3 42. Ra1 b2 0-1

[Event "SVK-chT2C 0607"]
[Site "Slovakia"]
[Date "2007.02.03"]
[Round "8.2"]
[White "Gomola, Miroslav"]
[Black "Dibala, Radovan"]
[Result "0-1"]
[WhiteElo "1602"]
[BlackElo "2049"]
[PlyCount "118"]
[EventDate "2006.10.14"]
[EventType "team-tourn"]
[EventRounds "11"]
[EventCountry "SVK"]
[SourceTitle "EXT 2019"]
[Source "ChessBase"]
[SourceDate "2018.10.10"]
[SourceVersion "1"]
[SourceVersionDate "2018.10.10"]
[SourceQuality "1"]
[WhiteTeam "Zilina Mladost juniors"]
[BlackTeam "Martin MSK"]
[WhiteTeamCountry "SVK"]
[BlackTeamCountry "SVK"]

1. e4 d5 2. exd5 Nf6 3. Bb5+ Bd7 4. Bxd7+ Qxd7 5. Nf3 Nxd5 6. 0-0 Nc6 7. d4 e6 8. Bg5 h6 9. Bh4 Be7 10. Bxe7 Ndxe7 11. c3 0-0 12. Nbd2 Rad8 13. Nc4 Ng6 14. Re1 b6 15. Nce5 Ncxe5 16. Nxe5 Nxe5 17. dxe5 Qb5 18. Qe2 Qxe2 19. Rxe2 Rd5 20. f4 Rfd8 21. Kf2 Kf8 22. Ke1 Ke7 23. Rc1 a5 24. Rcc2 Rd1+ 25. Kf2 R8d3 26. Re3 Rd5 27. Re1 Rxe1 28. Kxe1 Kd7 29. Ke2 g5 30. g3 gxf4 31. gxf4 Ke7 32. Ke3 Rd1 33. Rf2 Re1+ 34. Kd4 Rd1+ 35. Kc4 Rd5 36. Kb3 f6 37. exf6+ Kxf6 38. Kc2 Kf5 39. h3 h5 40. b3 Rd6 41. a3 Ke4 42. Rf1 h4 43. Rg1 Rd3 44. Rg6 Rxh3 45. Rxe6+ Kxf4 46. Re7 Rh2+ 47. Kd3 Rb2 48. Kc4 c6 49. a4 h3 50. Rh7 h2 51. b4 axb4 52. cxb4 Kg3 53. Rg7+ Kf2 54. Rh7 Kg1 55. a5 bxa5 56. bxa5 h1Q 57. Rxh1+ Kxh1 58. Kc5 Rb5+ 59. Kxc6 Rxa5 0-1